00406nam a2200157Ia 4500003000400000008004100004040001600045082001300061100001900074245006500093260003600158300001000194650000900204650001600213650001900229GCL140319s9999 xx 000 0 eng d aGCL / cGCL04a779bN E1 aNEWHALL, NANCY10aEDWARD WESTON: THE FLAME OF RECOGNITITION / cNEWHALL, NANCY a[S.N] : bAN PEINTURE MONOGRAPH a104 P04aARTS04aPHOTOGRAPHY04aWESTON, EDWARD